000
00311nam a22001337a 4500
008
181004b xxu||||| |||| 00| 0 eng d
020
_a
9780130621122
041
_a
eng
080
_a
330
100
_a
52
101
_a
eco
245
_a
The Joy Freedomm An Economist Odyssey
_c
David ,R,H
942
_2
udc
_c
BK
999
_c
48835
_d
48835